000 00429nam a2200181Ia 4500
005 20250603145208.0
008 250603s9999 xx 000 0 und d
020 _a9789781534843
050 _aHM 1221 .B53/
100 _aBlack, Sam
245 0 _aIntroduction to public relations
260 _aLagos
260 _bWest African Book Publishers Ltd.
260 _c1989
300 _a223 p
650 _aLagos
942 _cBK
999 _c41155
_d41155